Central Library OPAC University of Rajshahi

Speak out! : (Record no. 20360)

MARC details
000 -LEADER
fixed length control field 00880nam a2200253 4500
001 - CONTROL NUMBER
control field 20360
003 - CONTROL NUMBER IDENTIFIER
rucl marc code BD-RjUL
005 - DATE AND TIME OF LATEST TRANSACTION
control field 20211209000544.0
008 - FIXED-LENGTH DATA ELEMENTS--GENERAL INFORMATION
fixed length control field 140227s1969 enk 000 0 eng
020 ## - INTERNATIONAL STANDARD BOOK NUMBER
International Standard Book Number 0436187876
035 ## - SYSTEM CONTROL NUMBER
System control number (BD-RjUL)20422
040 ## - CATALOGING SOURCE
Original cataloging agency DLC
Transcribing agency DLC
Modifying agency BD-RjUL
Language of cataloging eng
041 1# - LANGUAGE CODE
Language code of text/sound track or separate title eng
082 00 - DEWEY DECIMAL CLASSIFICATION NUMBER
Classification number 320.943
Author mark and year GRS 1969
100 1# - MAIN ENTRY--PERSONAL NAME
Personal name Grass, Günter
Dates associated with a name 1927-
9 (RLIN) 62773
245 10 - TITLE STATEMENT
Title Speak out! :
Statement of responsibility, etc. Günter Grass, translated [from the German] by Ralph Manheim; introduction by Michael Harrington.
Remainder of title Speeches, open letters, commentaries /
260 ## - PUBLICATION, DISTRIBUTION, ETC. (IMPRINT)
Place of publication, distribution, etc. London :
Name of publisher, distributor, etc. Secker & Warburg,
Date of publication, distribution, etc. c1969.
300 ## - PHYSICAL DESCRIPTION
Pagination xii, 142 p. ;
Size 21 cm.
500 ## - GENERAL NOTE
General note Mainly selected from the author's Über das Selbstverständliche published in 1968.
651 #0 - SUBJECT ADDED ENTRY--GEOGRAPHIC NAME
Geographic name Germany (West)
General subdivision Politics and government.
9 (RLIN) 6529
942 ## - ADDED ENTRY ELEMENTS (KOHA)
Source of classification or shelving scheme Dewey Decimal Classification
Koha item type Books
Holdings
Lost status Source of classification or shelving scheme Damaged status Not for loan Collection code Permanent Location Current Location Shelving location Date acquired Source of acquisition Cost, normal purchase price Total Checkouts Full call number Date last seen Copy number Koha item type
  Dewey Decimal Classification     Non-fiction Central Library, University of Rajshahi Central Library, University of Rajshahi Reading Room 03/08/1982 Heffer 2.75   320.943 GRS 1969 27/02/2014 C-2 Books
  Dewey Decimal Classification   Not For Loan Non-fiction Central Library, University of Rajshahi Central Library, University of Rajshahi Reading Room 16/09/1970 Thomos and thomos 41.25   320.943 GRS 1969 26/01/2017 C-1 Books